[Event "DVM U16w 2023"]
[Site "Magdeburg GER"]
[Date "2023.12.29"]
[Round "6"]
[White "Popovidou, Laura"]
[Black "Gruber, Florentine"]
[Result "1/2-1/2"]
[Termination "normal"]
[Board "7.3"]
[WhiteElo "1021"]
[BlackElo "1168"]
[WhiteClock "00:14:35"]
[BlackClock "00:09:23"]
[WhiteTeam "SG Porz 2"]
[BlackTeam "SchachAkademiePaderborn"]
[PlyCount "64"]
[WhiteFideId "16255836"]
[BlackFideId "34605711"]
[EventCountry "GER"]
[EventRounds "7"]
[EventType "team-swiss"]
[EventDate "2023.12.26"]

1. e4 {[%clk 01:30:59]} {[%emt 00:00:02]} e6 {[%clk 01:30:56]} {[%emt
00:00:04]} 2. d4 {[%clk 01:31:24]} {[%emt 00:00:04]} d5 {[%clk 01:31:23]}
{[%emt 00:00:03]} 3. exd5 {[%clk 01:31:43]} {[%emt 00:00:11]} exd5 {[%clk
01:31:50]} {[%emt 00:00:03]} 4. Bd3 {[%clk 01:32:03]} {[%emt 00:00:10]} Bd6
{[%clk 01:32:13]} {[%emt 00:00:07]} 5. Nf3 {[%clk 01:32:13]} {[%emt 00:00:21]}
Ne7 {[%clk 01:32:32]} {[%emt 00:00:10]} 6. O-O {[%clk 01:32:20]} {[%emt
00:00:24]} O-O {[%clk 01:32:56]} {[%emt 00:00:05]} 7. Bg5 {[%clk 01:32:41]}
{[%emt 00:00:09]} f6 {[%clk 01:33:03]} {[%emt 00:00:23]} 8. Bd2 {[%clk
01:32:23]} {[%emt 00:00:48]} Bf5 {[%clk 01:33:01]} {[%emt 00:00:32]} 9. Bxf5
{[%clk 01:31:27]} {[%emt 00:01:27]} Nxf5 {[%clk 01:33:17]} {[%emt 00:00:14]}
10. Re1 {[%clk 01:30:52]} {[%emt 00:01:05]} c6 {[%clk 01:31:22]} {[%emt
00:02:25]} 11. a4 {[%clk 01:29:45]} {[%emt 00:01:37]} a5 {[%clk 01:27:03]}
{[%emt 00:04:48]} 12. c3 {[%clk 01:27:32]} {[%emt 00:02:45]} Na6 {[%clk
01:19:16]} {[%emt 00:08:16]} 13. Na3 {[%clk 01:26:54]} {[%emt 00:01:07]} Qd7
{[%clk 01:17:10]} {[%emt 00:02:36]} 14. b3 {[%clk 01:22:27]} {[%emt 00:04:56]}
Rfe8 {[%clk 01:11:11]} {[%emt 00:06:30]} 15. Nc2 {[%clk 01:16:20]} {[%emt
00:06:35]} Rxe1+ {[%clk 01:03:43]} {[%emt 00:07:59]} 16. Ncxe1 {[%clk
01:12:53]} {[%emt 00:03:58]} c5 {[%clk 00:56:40]} {[%emt 00:07:33]} 17. Be3
{[%clk 01:06:01]} {[%emt 00:07:22]} Nxe3 {[%clk 00:52:55]} {[%emt 00:04:16]}
18. fxe3 {[%clk 01:06:24]} {[%emt 00:00:06]} Qe7 {[%clk 00:51:55]} {[%emt
00:01:30]} 19. Qd2 {[%clk 01:05:31]} {[%emt 00:01:23]} Rd8 {[%clk 00:45:38]}
{[%emt 00:06:46]} 20. Nd3 {[%clk 00:54:12]} {[%emt 00:11:49]} Qc7 {[%clk
00:39:53]} {[%emt 00:06:15]} 21. Rb1 {[%clk 00:41:28]} {[%emt 00:13:14]} Re8
{[%clk 00:29:26]} {[%emt 00:10:56]} 22. Nf4 {[%clk 00:38:14]} {[%emt 00:03:44]}
Bxf4 {[%clk 00:25:22]} {[%emt 00:04:34]} 23. exf4 {[%clk 00:38:33]} {[%emt
00:00:12]} cxd4 {[%clk 00:24:18]} {[%emt 00:01:34]} 24. Nxd4 {[%clk 00:36:34]}
{[%emt 00:02:29]} Qc5 {[%clk 00:19:47]} {[%emt 00:05:00]} 25. Kf1 {[%clk
00:22:45]} {[%emt 00:14:20]} Rc8 {[%clk 00:14:53]} {[%emt 00:05:24]} 26. Nb5
{[%clk 00:20:47]} {[%emt 00:02:29]} Nc7 {[%clk 00:13:33]} {[%emt 00:01:50]} 27.
b4 {[%clk 00:16:16]} {[%emt 00:05:01]} Qc4+ {[%clk 00:11:18]} {[%emt 00:02:36]}
28. Kf2 {[%clk 00:15:54]} {[%emt 00:01:01]} Nxb5 {[%clk 00:10:55]} {[%emt
00:00:52]} 29. axb5 {[%clk 00:16:00]} {[%emt 00:00:24]} axb4 {[%clk 00:10:39]}
{[%emt 00:00:45]} 30. Rxb4 {[%clk 00:15:29]} {[%emt 00:01:03]} Qc5+ {[%clk
00:10:33]} {[%emt 00:00:35]} 31. Ke2 {[%clk 00:15:10]} {[%emt 00:03:30]} Re8+
{[%clk 00:12:10]} {[%emt 00:00:51]} 32. Kf3 {[%clk 00:14:35]} {[%emt 00:01:06]}
b6 {[%clk 00:09:23]} {[%emt 00:03:19]} 1/2-1/2

[Event "DVM U16w 2023"]
[Site "Magdeburg GER"]
[Date "2023.12.29"]
[Round "6"]
[White "Achilles, Rosa"]
[Black "Brandt, Hilda"]
[Result "1-0"]
[Termination "normal"]
[Board "7.4"]
[WhiteElo "1190"]
[BlackElo "836"]
[WhiteClock "00:47:18"]
[BlackClock "01:22:18"]
[WhiteTeam "SchachAkademiePaderborn"]
[BlackTeam "SG Porz 2"]
[PlyCount "57"]
[WhiteFideId "34630066"]
[BlackFideId "34636447"]
[EventCountry "GER"]
[EventRounds "7"]
[EventType "team-swiss"]
[EventDate "2023.12.26"]

1. d4 {[%clk 01:30:53]} {[%emt 00:00:06]} c5 {[%clk 01:30:47]} {[%emt
00:00:13]} 2. d5 {[%clk 01:30:19]} {[%emt 00:01:04]} Nf6 {[%clk 01:30:48]}
{[%emt 00:00:29]} 3. c4 {[%clk 01:30:29]} {[%emt 00:00:20]} Qb6 {[%clk
01:30:40]} {[%emt 00:00:37]} 4. Nc3 {[%clk 01:30:05]} {[%emt 00:00:53]} g6
{[%clk 01:29:43]} {[%emt 00:01:29]} 5. e4 {[%clk 01:29:25]} {[%emt 00:01:10]}
e5 {[%clk 01:29:47]} {[%emt 00:00:26]} 6. Nf3 {[%clk 01:26:18]} {[%emt
00:03:37]} Bg7 {[%clk 01:28:48]} {[%emt 00:01:29]} 7. Nxe5 {[%clk 01:26:00]}
{[%emt 00:00:48]} Nxe4 {[%clk 01:27:53]} {[%emt 00:01:24]} 8. Nxe4 {[%clk
01:21:58]} {[%emt 00:04:33]} Bxe5 {[%clk 01:28:06]} {[%emt 00:00:17]} 9. Rb1
{[%clk 01:21:17]} {[%emt 00:01:12]} O-O {[%clk 01:28:20]} {[%emt 00:00:16]} 10.
Be2 {[%clk 01:19:42]} {[%emt 00:02:05]} Qc7 {[%clk 01:27:43]} {[%emt 00:01:07]}
11. d6 {[%clk 01:17:08]} {[%emt 00:03:05]} Qc6 {[%clk 01:27:44]} {[%emt
00:00:28]} 12. Bf3 {[%clk 01:16:32]} {[%emt 00:01:06]} Qb6 {[%clk 01:26:57]}
{[%emt 00:01:17]} 13. O-O {[%clk 01:14:45]} {[%emt 00:02:17]} Nc6 {[%clk
01:26:42]} {[%emt 00:00:45]} 14. a3 {[%clk 01:11:04]} {[%emt 00:04:12]} Qa6
{[%clk 01:23:58]} {[%emt 00:03:10]} 15. Be2 {[%clk 01:09:20]} {[%emt 00:02:17]}
f5 {[%clk 01:23:57]} {[%emt 00:00:30]} 16. Nxc5 {[%clk 01:08:53]} {[%emt
00:00:58]} Qb6 {[%clk 01:23:46]} {[%emt 00:00:39]} 17. Qd5+ {[%clk 01:08:22]}
{[%emt 00:01:03]} Kg7 {[%clk 01:23:25]} {[%emt 00:00:49]} 18. Na4 {[%clk
01:06:36]} {[%emt 00:02:19]} Qb3 {[%clk 01:23:23]} {[%emt 00:00:25]} 19. Qd1
{[%clk 01:03:13]} {[%emt 00:03:58]} Rf6 {[%clk 01:23:06]} {[%emt 00:00:49]} 20.
Qxb3 {[%clk 01:03:32]} {[%emt 00:00:11]} Nd4 {[%clk 01:23:02]} {[%emt
00:00:33]} 21. Qe3 {[%clk 01:01:25]} {[%emt 00:02:33]} Re6 {[%clk 01:22:03]}
{[%emt 00:01:33]} 22. Qh6+ {[%clk 00:58:00]} {[%emt 00:03:54]} Kg8 {[%clk
01:22:08]} {[%emt 00:00:24]} 23. Bd3 {[%clk 00:56:49]} {[%emt 00:01:41]} a6
{[%clk 01:22:06]} {[%emt 00:00:35]} 24. c5 {[%clk 00:56:09]} {[%emt 00:01:08]}
b5 {[%clk 01:21:41]} {[%emt 00:00:56]} 25. Nb6 {[%clk 00:54:48]} {[%emt
00:01:50]} Rb8 {[%clk 01:21:58]} {[%emt 00:00:14]} 26. Nd5 {[%clk 00:54:49]}
{[%emt 00:00:18]} Nb3 {[%clk 01:22:06]} {[%emt 00:00:30]} 27. Ne7+ {[%clk
00:53:59]} {[%emt 00:01:22]} Kf7 {[%clk 01:22:22]} {[%emt 00:00:13]} 28. Qxh7+
{[%clk 00:47:04]} {[%emt 00:07:26]} Kf8 {[%clk 01:22:18]} {[%emt 00:00:32]} 29.
Qg8# {[%clk 00:47:18]} {[%emt 00:00:18]} 1-0

[Event "DVM U16w 2023"]
[Site "Magdeburg GER"]
[Date "2023.12.29"]
[Round "6"]
[White "Anaparthi, Aditi"]
[Black "Schwarzfischer, Julia"]
[Result "1/2-1/2"]
[Termination "normal"]
[Board "8.1"]
[WhiteElo "1163"]
[BlackElo "1438"]
[WhiteClock "00:09:53"]
[BlackClock "00:36:29"]
[WhiteTeam "SC Garching 1980 2"]
[BlackTeam "SF Roding"]
[PlyCount "182"]
[WhiteFideId "34620389"]
[BlackFideId "16268105"]
[EventCountry "GER"]
[EventRounds "7"]
[EventType "team-swiss"]
[EventDate "2023.12.26"]

1. e4 {[%clk 01:30:57]} {[%emt 00:00:04]} c5 {[%clk 01:30:56]} {[%emt
00:00:04]} 2. Nf3 {[%clk 01:31:14]} {[%emt 00:00:12]} Nc6 {[%clk 01:31:21]}
{[%emt 00:00:05]} 3. Bc4 {[%clk 01:31:17]} {[%emt 00:00:28]} d6 {[%clk
01:31:43]} {[%emt 00:00:09]} 4. Nc3 {[%clk 01:30:47]} {[%emt 00:00:59]} Nf6
{[%clk 01:32:01]} {[%emt 00:00:12]} 5. d3 {[%clk 01:30:34]} {[%emt 00:00:42]}
e6 {[%clk 01:32:03]} {[%emt 00:00:29]} 6. O-O {[%clk 01:29:50]} {[%emt
00:01:12]} a6 {[%clk 01:32:29]} {[%emt 00:00:06]} 7. a3 {[%clk 01:29:57]}
{[%emt 00:00:24]} b5 {[%clk 01:32:53]} {[%emt 00:00:06]} 8. Ba2 {[%clk
01:30:16]} {[%emt 00:00:10]} Bb7 {[%clk 01:33:15]} {[%emt 00:00:08]} 9. Be3
{[%clk 01:30:12]} {[%emt 00:00:33]} d5 {[%clk 01:32:14]} {[%emt 00:01:33]} 10.
exd5 {[%clk 01:27:57]} {[%emt 00:02:44]} exd5 {[%clk 01:32:27]} {[%emt
00:00:16]} 11. Bg5 {[%clk 01:24:41]} {[%emt 00:03:46]} d4 {[%clk 01:31:31]}
{[%emt 00:01:28]} 12. Nd5 {[%clk 01:24:22]} {[%emt 00:00:47]} Bd6 {[%clk
01:30:20]} {[%emt 00:01:40]} 13. Re1+ {[%clk 01:11:41]} {[%emt 00:13:13]} Kd7
{[%clk 01:29:19]} {[%emt 00:01:30]} 14. Nxf6+ {[%clk 01:10:27]} {[%emt
00:01:45]} gxf6 {[%clk 01:29:39]} {[%emt 00:00:10]} 15. Bd2 {[%clk 01:10:39]}
{[%emt 00:00:18]} Qf8 {[%clk 01:26:56]} {[%emt 00:03:13]} 16. c4 {[%clk
01:01:47]} {[%emt 00:09:22]} Qg7 {[%clk 01:25:52]} {[%emt 00:01:35]} 17. cxb5
{[%clk 00:58:49]} {[%emt 00:03:28]} axb5 {[%clk 01:25:55]} {[%emt 00:00:28]}
18. Qb3 {[%clk 00:58:54]} {[%emt 00:00:25]} Ne5 {[%clk 01:22:00]} {[%emt
00:04:25]} 19. Nh4 {[%clk 00:52:59]} {[%emt 00:06:25]} Rhg8 {[%clk 01:17:25]}
{[%emt 00:05:05]} 20. g3 {[%clk 00:49:43]} {[%emt 00:03:46]} Qg4 {[%clk
01:14:46]} {[%emt 00:02:59]} 21. Rxe5 {[%clk 00:48:00]} {[%emt 00:02:23]} fxe5
{[%clk 01:12:32]} {[%emt 00:02:44]} 22. Qxf7+ {[%clk 00:47:25]} {[%emt
00:01:04]} Be7 {[%emt 00:01:26]} 23. Qf5+ {[%clk 00:46:39]} {[%emt 00:00:01]}
Qxf5 {[%clk 01:12:23]} {[%emt 00:00:58]} 24. Nxf5 {[%clk 00:47:00]} {[%emt
00:00:08]} Rgf8 {[%clk 01:11:27]} {[%emt 00:01:28]} 25. Nh6 {[%clk 00:46:19]}
{[%emt 00:01:10]} Rf3 {[%clk 01:11:02]} {[%emt 00:00:53]} 26. Bb1 {[%clk
00:45:29]} {[%emt 00:01:22]} Raf8 {[%clk 01:09:47]} {[%emt 00:01:44]} 27. Ng4
{[%clk 00:44:27]} {[%emt 00:01:33]} Kd6 {[%clk 01:09:33]} {[%emt 00:00:43]} 28.
b4 {[%clk 00:43:53]} {[%emt 00:01:05]} h5 {[%clk 01:08:36]} {[%emt 00:01:28]}
29. bxc5+ {[%clk 00:43:34]} {[%emt 00:00:48]} Kc7 {[%clk 01:08:54]} {[%emt
00:00:12]} 30. Nxe5 {[%clk 00:43:02]} {[%emt 00:01:03]} Rxf2 {[%clk 01:09:04]}
{[%emt 00:00:19]} 31. Bf4 {[%clk 00:42:28]} {[%emt 00:01:05]} Rg2+ {[%clk
01:08:35]} {[%emt 00:00:58]} 32. Kf1 {[%clk 00:42:24]} {[%emt 00:00:35]} Kc8
{[%clk 01:07:29]} {[%emt 00:01:36]} 33. c6 {[%clk 00:42:17]} {[%emt 00:00:36]}
Rxh2 {[%clk 01:07:19]} {[%emt 00:00:40]} 34. cxb7+ {[%clk 00:39:36]} {[%emt
00:03:11]} Kxb7 {[%clk 01:07:46]} {[%emt 00:00:04]} 35. Nf3 {[%clk 00:39:28]}
{[%emt 00:00:37]} Rh1+ {[%clk 01:07:19]} {[%emt 00:00:57]} 36. Kg2 {[%clk
00:39:38]} {[%emt 00:00:19]} Rd1 {[%clk 01:07:33]} {[%emt 00:00:17]} 37. Nxd4
{[%clk 00:39:56]} {[%emt 00:00:11]} Bf6 {[%clk 01:07:46]} {[%emt 00:00:17]} 38.
Be3 {[%clk 00:39:08]} {[%emt 00:01:18]} Rd8 {[%clk 01:04:13]} {[%emt 00:04:04]}
39. Ne6 {[%emt 00:06:53]} Rd6 {[%clk 01:02:48]} 40. Nc5+ {[%clk 00:33:32]}
{[%emt 00:01:38]} Kc7 {[%clk 00:59:52]} {[%emt 00:03:25]} 41. d4 {[%clk
00:32:53]} {[%emt 00:01:09]} Bxd4 {[%clk 00:59:27]} {[%emt 00:00:56]} 42. Bxd4
{[%clk 00:30:53]} {[%emt 00:02:30]} R1xd4 {[%clk 00:59:50]} {[%emt 00:00:06]}
43. Bf5 {[%clk 00:29:40]} {[%emt 00:01:43]} Kb6 {[%clk 00:58:41]} {[%emt
00:01:41]} 44. Ne4 {[%clk 00:28:14]} {[%emt 00:01:55]} R6d5 {[%clk 00:57:46]}
{[%emt 00:01:24]} 45. Bg6 {[%clk 00:28:12]} {[%emt 00:00:32]} Re5 {[%clk
00:57:05]} {[%emt 00:01:12]} 46. Kf3 {[%clk 00:27:37]} {[%emt 00:01:04]} Re6
{[%clk 00:55:48]} {[%emt 00:01:43]} 47. Bf5 {[%clk 00:26:48]} {[%emt 00:01:25]}
Re7 {[%clk 00:54:30]} {[%emt 00:01:48]} 48. Rh1 {[%clk 00:26:21]} {[%emt
00:00:56]} Rd3+ {[%clk 00:54:37]} {[%emt 00:00:23]} 49. Kf4 {[%clk 00:26:30]}
{[%emt 00:00:21]} Rxa3 {[%clk 00:54:55]} {[%emt 00:00:13]} 50. Rxh5 {[%clk
00:26:48]} {[%emt 00:00:12]} b4 {[%clk 00:55:09]} {[%emt 00:00:17]} 51. Rh6+
{[%clk 00:25:20]} {[%emt 00:01:57]} Ka5 {[%clk 00:54:47]} {[%emt 00:00:52]} 52.
Nd6 {[%clk 00:24:40]} {[%emt 00:01:09]} Ra1 {[%clk 00:54:13]} {[%emt 00:01:04]}
53. Nc4+ {[%clk 00:24:03]} {[%emt 00:01:07]} Kb5 {[%clk 00:54:37]} {[%emt
00:00:06]} 54. Bd3 {[%clk 00:22:37]} {[%emt 00:01:56]} Kc5 {[%clk 00:54:21]}
{[%emt 00:00:42]} 55. Ne3 {[%clk 00:21:03]} {[%emt 00:02:07]} Ra3 {[%clk
00:44:29]} {[%emt 00:10:23]} 56. Rh5+ {[%clk 00:19:26]} {[%emt 00:02:06]} Kc6
{[%clk 00:44:44]} {[%emt 00:00:14]} 57. Be4+ {[%clk 00:19:49]} {[%emt
00:00:09]} Kd7 {[%clk 00:44:38]} {[%emt 00:00:38]} 58. Rb5 {[%clk 00:18:52]}
{[%emt 00:01:27]} Rf7+ {[%clk 00:40:06]} {[%emt 00:05:01]} 59. Bf5+ {[%clk
00:18:03]} {[%emt 00:01:18]} Kc6 {[%clk 00:39:24]} {[%emt 00:01:12]} 60. Rxb4
{[%clk 00:18:14]} {[%emt 00:00:20]} Rxe3 {[%clk 00:34:43]} {[%emt 00:05:11]}
61. Kxe3 {[%clk 00:17:43]} {[%emt 00:01:01]} Rxf5 {[%clk 00:35:01]} {[%emt
00:00:13]} 62. Rd4 {[%clk 00:17:11]} {[%emt 00:01:02]} Kc5 {[%clk 00:35:01]}
{[%emt 00:00:29]} 63. Rf4 {[%clk 00:17:09]} {[%emt 00:00:32]} Rg5 {[%clk
00:35:16]} {[%emt 00:00:15]} 64. Kf3 {[%clk 00:17:28]} {[%emt 00:00:12]} Kd5
{[%clk 00:35:39]} {[%emt 00:00:07]} 65. Re4 {[%clk 00:14:14]} {[%emt 00:03:43]}
Rg8 {[%clk 00:35:02]} {[%emt 00:01:07]} 66. Rh4 {[%clk 00:13:16]} {[%emt
00:01:29]} Ke5 {[%clk 00:35:16]} {[%emt 00:00:15]} 67. Rg4 {[%clk 00:12:35]}
{[%emt 00:01:11]} Rd8 {[%clk 00:35:14]} {[%emt 00:00:32]} 68. Re4+ {[%clk
00:12:24]} {[%emt 00:00:41]} Kf5 {[%clk 00:35:27]} {[%emt 00:00:17]} 69. g4+
{[%clk 00:12:17]} {[%emt 00:00:37]} Kg5 {[%clk 00:35:39]} {[%emt 00:00:17]} 70.
Re5+ {[%clk 00:10:34]} {[%emt 00:02:14]} Kf6 {[%clk 00:35:53]} {[%emt
00:00:15]} 71. Rf5+ {[%clk 00:10:20]} {[%emt 00:00:45]} Kg6 {[%clk 00:36:17]}
{[%emt 00:00:08]} 72. Ke4 {[%clk 00:09:53]} {[%emt 00:00:56]} Re8+ {[%clk
00:36:29]} {[%emt 00:00:18]} 73. Kf3 {[%clk 00:08:50]} {[%emt 00:01:33]} Ra8
{[%clk 00:36:44]} {[%emt 00:00:16]} 74. Kg3 {[%clk 00:08:41]} {[%emt 00:00:40]}
Ra2 {[%clk 00:36:31]} {[%emt 00:00:42]} 75. Rf2 {[%clk 00:08:29]} {[%emt
00:00:42]} Ra3+ {[%clk 00:36:47]} {[%emt 00:00:15]} 76. Rf3 {[%clk 00:08:26]}
{[%emt 00:00:33]} Ra4 {[%clk 00:37:03]} {[%emt 00:00:14]} 77. Rf4 {[%clk
00:07:36]} {[%emt 00:01:19]} Ra1 {[%clk 00:37:13]} {[%emt 00:00:20]} 78. Rf2
{[%clk 00:07:44]} {[%emt 00:00:22]} Kg5 {[%clk 00:37:32]} {[%emt 00:00:09]} 79.
Rf5+ {[%clk 00:06:58]} {[%emt 00:01:17]} Kg6 {[%clk 00:37:51]} {[%emt
00:00:12]} 80. Kf4 {[%clk 00:07:11]} {[%emt 00:00:16]} Ra4+ {[%clk 00:38:03]}
{[%emt 00:00:18]} 81. Kg3 {[%clk 00:07:38]} {[%emt 00:00:03]} Ra1 {[%clk
00:38:28]} {[%emt 00:00:05]} 82. Rb5 {[%clk 00:06:37]} {[%emt 00:01:32]} Rg1+
{[%clk 00:38:40]} {[%emt 00:00:17]} 83. Kf3 {[%clk 00:06:51]} {[%emt 00:00:17]}
Rf1+ {[%clk 00:39:02]} {[%emt 00:00:09]} 84. Kg2 {[%clk 00:07:03]} {[%emt
00:00:17]} Rf4 {[%clk 00:38:58]} {[%emt 00:00:32]} 85. Kg3 {[%clk 00:06:57]}
{[%emt 00:00:38]} Rf1 {[%clk 00:39:03]} {[%emt 00:00:25]} 86. Rb2 {[%clk
00:06:39]} {[%emt 00:00:49]} Kg5 {[%clk 00:39:20]} {[%emt 00:00:13]} 87. Rb5+
{[%clk 00:06:33]} {[%emt 00:00:35]} Kg6 {[%clk 00:39:43]} {[%emt 00:00:07]} 88.
Rb6+ {[%clk 00:06:20]} {[%emt 00:00:44]} Kg5 {[%clk 00:40:03]} {[%emt
00:00:11]} 89. Rb5+ {[%clk 00:05:23]} {[%emt 00:01:26]} Kg6 {[%clk 00:40:29]}
{[%emt 00:00:04]} 90. Rf5 {[%clk 00:05:39]} {[%emt 00:00:15]} Rxf5 {[%clk
00:40:54]} {[%emt 00:00:07]} 91. gxf5+ {[%clk 00:06:07]} Kxf5 {[%clk 00:41:21]}
{[%emt 00:00:04]} 1/2-1/2

[Event "DVM U16w 2023"]
[Site "Magdeburg GER"]
[Date "2023.12.29"]
[Round "6"]
[White "Boronina, Kseniia"]
[Black "Chennupati, Lasya"]
[Result "1-0"]
[Termination "normal"]
[Board "8.2"]
[WhiteElo "1300"]
[BlackElo "1090"]
[WhiteClock "00:16:50"]
[BlackClock "01:02:27"]
[WhiteTeam "SF Roding"]
[BlackTeam "SC Garching 1980 2"]
[PlyCount "85"]
[WhiteFideId "34308768"]
[BlackFideId "34646728"]
[EventCountry "GER"]
[EventRounds "7"]
[EventType "team-swiss"]
[EventDate "2023.12.26"]

1. e4 {[%clk 01:30:59]} e5 {[%clk 01:30:50]} {[%emt 00:00:10]} 2. d4 {[%clk
01:31:21]} {[%emt 00:00:09]} exd4 {[%clk 01:31:14]} {[%emt 00:00:05]} 3. Bc4
{[%clk 01:31:46]} {[%emt 00:00:07]} Bb4+ {[%clk 01:31:23]} {[%emt 00:00:20]} 4.
c3 {[%clk 01:32:10]} {[%emt 00:00:06]} dxc3 {[%clk 01:31:46]} {[%emt 00:00:07]}
5. bxc3 {[%clk 01:32:35]} {[%emt 00:00:05]} Bc5 {[%clk 01:30:54]} {[%emt
00:01:21]} 6. Bxf7+ {[%clk 01:32:41]} {[%emt 00:00:25]} Kf8 {[%clk 01:26:25]}
{[%emt 00:04:59]} 7. Bb3 {[%clk 01:15:38]} {[%emt 00:17:34]} d6 {[%clk
01:22:05]} {[%emt 00:04:50]} 8. Nf3 {[%clk 00:59:11]} {[%emt 00:16:56]} h6
{[%clk 01:19:24]} {[%emt 00:03:09]} 9. O-O {[%clk 00:55:12]} {[%emt 00:04:29]}
Qf6 {[%clk 01:18:57]} {[%emt 00:00:57]} 10. e5 {[%clk 00:50:26]} {[%emt
00:05:16]} dxe5 {[%clk 01:16:30]} {[%emt 00:02:55]} 11. Qd5 {[%clk 00:45:27]}
{[%emt 00:05:30]} Bd6 {[%clk 01:16:19]} {[%emt 00:00:40]} 12. Nbd2 {[%clk
00:40:42]} {[%emt 00:05:15]} Ne7 {[%clk 01:16:27]} {[%emt 00:00:21]} 13. Qc4
{[%clk 00:40:32]} {[%emt 00:00:40]} Nbc6 {[%clk 01:15:35]} {[%emt 00:01:23]}
14. Ne4 {[%clk 00:40:28]} {[%emt 00:00:35]} Na5 {[%clk 01:14:21]} {[%emt
00:01:44]} 15. Nxf6 {[%clk 00:37:49]} {[%emt 00:03:10]} Nxc4 {[%clk 01:14:20]}
{[%emt 00:00:30]} 16. Ne4 {[%clk 00:37:00]} {[%emt 00:01:20]} Na5 {[%clk
01:13:30]} {[%emt 00:01:20]} 17. Rd1 {[%clk 00:36:47]} {[%emt 00:00:43]} Nxb3
{[%clk 01:13:26]} {[%emt 00:00:33]} 18. axb3 {[%clk 00:37:12]} {[%emt
00:00:06]} Bg4 {[%clk 01:13:43]} {[%emt 00:00:12]} 19. Nxd6 {[%clk 00:36:57]}
{[%emt 00:00:48]} Rd8 {[%clk 01:13:25]} {[%emt 00:00:47]} 20. h3 {[%clk
00:36:00]} {[%emt 00:01:27]} Bxf3 {[%clk 01:13:07]} {[%emt 00:00:45]} 21. gxf3
{[%clk 00:36:26]} {[%emt 00:00:07]} cxd6 {[%clk 01:13:14]} {[%emt 00:00:21]}
22. Rxa7 {[%clk 00:36:32]} {[%emt 00:00:26]} Rb8 {[%clk 01:11:50]} {[%emt
00:01:55]} 23. Ba3 {[%clk 00:36:16]} {[%emt 00:00:43]} Nc8 {[%clk 01:11:50]}
{[%emt 00:00:31]} 24. Bxd6+ {[%clk 00:36:25]} {[%emt 00:00:22]} Nxd6 {[%clk
01:12:08]} {[%emt 00:00:12]} 25. Rxd6 {[%clk 00:36:49]} {[%emt 00:00:07]} Ke7
{[%clk 01:12:09]} {[%emt 00:00:29]} 26. Rb6 {[%clk 00:37:04]} {[%emt 00:00:14]}
Rhd8 {[%clk 01:10:16]} {[%emt 00:02:22]} 27. Raxb7+ {[%clk 00:37:20]} {[%emt
00:00:14]} Rxb7 {[%clk 01:10:17]} {[%emt 00:00:29]} 28. Rxb7+ {[%clk 00:37:46]}
{[%emt 00:00:05]} Kf6 {[%clk 01:10:27]} {[%emt 00:00:19]} 29. Kg2 {[%clk
00:37:20]} {[%emt 00:00:55]} h5 {[%clk 01:10:13]} {[%emt 00:00:45]} 30. b4
{[%clk 00:35:12]} {[%emt 00:02:39]} Rc8 {[%clk 01:10:29]} {[%emt 00:00:14]} 31.
b5 {[%clk 00:35:11]} {[%emt 00:00:31]} Rxc3 {[%clk 01:10:29]} {[%emt 00:00:28]}
32. b6 {[%clk 00:35:22]} {[%emt 00:00:21]} Rb3 {[%clk 01:09:49]} {[%emt
00:01:08]} 33. Rb8 {[%clk 00:33:06]} {[%emt 00:02:47]} Kg5 {[%clk 01:07:11]}
{[%emt 00:03:07]} 34. b7 {[%clk 00:29:40]} {[%emt 00:03:57]} h4 {[%clk
01:05:16]} {[%emt 00:02:23]} 35. Kf1 {[%clk 00:28:08]} {[%emt 00:02:03]} Rb4
{[%clk 01:02:47]} {[%emt 00:02:59]} 36. Ke2 {[%clk 00:28:10]} {[%emt 00:00:25]}
Kg6 {[%clk 01:03:08]} {[%emt 00:00:13]} 37. Kd3 {[%clk 00:28:27]} {[%emt
00:00:12]} Rd4+ {[%clk 01:03:31]} {[%emt 00:00:08]} 38. Kc3 {[%clk 00:28:30]}
{[%emt 00:00:28]} Rd7 {[%clk 01:03:54]} {[%emt 00:00:05]} 39. Kc4 {[%clk
00:28:37]} {[%emt 00:00:23]} Rf7 {[%clk 01:03:04]} {[%emt 00:01:21]} 40. Kd5
{[%clk 00:28:23]} {[%emt 00:00:44]} Kf5 {[%clk 01:03:30]} {[%emt 00:00:03]} 41.
Kc6 {[%clk 00:18:58]} {[%emt 00:09:55]} Kf4 {[%clk 01:02:11]} {[%emt 00:01:49]}
42. Rd8 {[%clk 00:16:31]} {[%emt 00:02:57]} Rxb7 {[%clk 01:02:27]} {[%emt
00:00:13]} 43. Rf8+ {[%clk 00:16:50]} {[%emt 00:00:11]} 1-0